REIT market players to evolve from generalists to specialists (Record no. 78342)

MARC details
000 -LEADER
fixed length control field 00737cab a2200181 4500
001 - CONTROL NUMBER
control field L136549
008 - FIXED-LENGTH DATA ELEMENTS--GENERAL INFORMATION
fixed length control field 070207n2007 000 0 eng u
035 ## - SYSTEM CONTROL NUMBER
System control number (Sirsi) u136549
041 0# - LANGUAGE CODE
Language code of text/sound track or separate title eng
245 00 - TITLE STATEMENT
Title REIT market players to evolve from generalists to specialists
260 ## - PUBLICATION, DISTRIBUTION, ETC.
Date of publication, distribution, etc. 2007
490 #0 - SERIES STATEMENT
Series statement EuroProperty
Volume/sequential designation 5 February 2007, 12-13(2)
520 ## - SUMMARY, ETC.
Summary, etc. Discusses the possible break up of diversified REITs into specialist vehicles that can raise large amounts of money. Sector specialist are expected to dominate, with large companies potentially splitting into sector specialists.
590 ## - LOCAL NOTE (RLIN)
Local note KA
651 #4 - SUBJECT ADDED ENTRY--GEOGRAPHIC NAME
Geographic name United Kingdom
Chronological subdivision
690 ## - LOCAL SUBJECT ADDED ENTRY--TOPICAL TERM (OCLC, RLIN)
Topical term or geographic name as entry element PROPERTY-PROPERTY FINANCE AND INVESTMENT-REAL ESTATE INVESTMENT TRUSTS
942 ## - ADDED ENTRY ELEMENTS (KOHA)
Suppress in OPAC 0
Holdings
Withdrawn status Lost status Source of classification or shelving scheme Damaged status Not for loan Home library Current library Shelving location Date acquired Total Checkouts Full call number Barcode Date last seen Copy number Price effective from Koha item type
    Dewey Decimal Classification     London London Journal article 07/02/2007   L136549 136549-1001 06/08/2019 1 06/08/2019 Journal article